[Event "I Open Basso Veronese"]
[Site "Casaleone ITA"]
[Date "2008.11.22"]
[Round "4"]
[White "Bonini, Roberto"]
[Black "Negro, Raffaele"]
[Result "0-1"]
[WhiteElo "1843"]
[BlackElo "1824"]
[PlyCount "42"]
[EventDate "2008.11.15"]

1. d4 d6 2. Nf3 Bg4 3. e3 Nf6 4. Bd3 e5 5. Nbd2 Nc6 6. c3 d5 7. dxe5 Nxe5 8.
Qa4+ Bd7 9. Bb5 c6 10. Nxe5 cxb5 11. Qb3 Bc6 12. O-O Bd6 13. Ndf3 O-O 14. Nxc6
bxc6 15. Nd4 Qc7 16. h3 g6 17. a4 a6 18. axb5 axb5 19. Bd2 Ne4 20. Qc2 Bh2+ 21.
Kh1 Rxa1 0-1

[Event "I Open Basso Veronese"]
[Site "Casaleone ITA"]
[Date "2008.11.22"]
[Round "4"]
[White "Caldonazzo, Matteo"]
[Black "Gioga, Michele"]
[Result "1-0"]
[WhiteElo "1782"]
[BlackElo "1392"]
[PlyCount "37"]
[EventDate "2008.11.15"]

1. d4 Nf6 2. c4 g6 3. Nc3 Bg7 4. e4 d6 5. Be2 O-O 6. Bg5 Nc6 7. d5 Ne5 8. f4
Ned7 9. Nf3 e5 10. fxe5 Nxe5 11. Nxe5 dxe5 12. O-O Qd6 13. Kh1 Nd7 14. Nb5 Qb6
15. b4 c5 16. Be7 Re8 17. d6 Rb8 18. Qd5 Rxe7 19. dxe7 1-0

[Event "I Open Basso Veronese"]
[Site "Casaleone ITA"]
[Date "2008.11.22"]
[Round "4"]
[White "Capata, Ion"]
[Black "Andreeva, Arina"]
[Result "1/2-1/2"]
[WhiteElo "2136"]
[BlackElo "2001"]
[PlyCount "84"]
[EventDate "2008.11.15"]

1. e4 e6 2. Nc3 d5 3. Nf3 d4 4. Ne2 c5 5. Ng3 Nf6 6. Bc4 Nc6 7. O-O Bd6 8. Re1
Qc7 9. Bb5 Bd7 10. c3 e5 11. b4 O-O 12. bxc5 Bxc5 13. Bxc6 Bxc6 14. cxd4 exd4
15. d3 Rfe8 16. Nf5 Qb6 17. Nd2 Bd7 18. Nc4 Qc7 19. Qf3 Bxf5 20. Qxf5 b5 21.
Bf4 Qc8 22. Nd6 Bxd6 23. Qxc8 Raxc8 24. Bxd6 Rc2 25. Rec1 Rec8 26. Rxc2 Rxc2
27. Be5 Rd2 28. Bxd4 Nxe4 29. Bxa7 Rxd3 30. g3 Ra3 31. Bd4 h6 32. Re1 Ng5 33.
Re8+ Kh7 34. Kg2 Rxa2 35. Rb8 Ne6 36. Be5 Ra5 37. h4 Kg6 38. Rb7 h5 39. Kh3 Ra2
40. Kg2 Ra5 41. Kh3 Ra2 42. Kg2 Ra5 1/2-1/2

[Event "I Open Basso Veronese"]
[Site "Casaleone ITA"]
[Date "2008.11.22"]
[Round "4"]
[White "Coratella, Giuseppe"]
[Black "Bertani, Gianfranco"]
[Result "1-0"]
[WhiteElo "2258"]
[BlackElo "2106"]
[PlyCount "59"]
[EventDate "2008.11.15"]

1. e4 c5 2. Nf3 d6 3. d4 cxd4 4. Nxd4 Nf6 5. Nc3 g6 6. Bg5 Bg7 7. Bb5+ Bd7 8.
Qe2 O-O 9. O-O-O Qa5 10. f4 Bg4 11. Nf3 Nc6 12. Bc4 Rac8 13. Bb3 Nb4 14. Kb1
Rxc3 15. bxc3 Nxe4 16. Qxe4 Bxc3 17. Qc4 Nxc2 18. Bxc2 Rc8 19. Qa4 Qb6+ 20. Qb3
Qa6 21. Bd3 Qa5 22. f5 Rc6 23. Be3 Bxf5 24. Ng5 e6 25. Rhf1 d5 26. Bxf5 d4 27.
Rxd4 h6 28. Rc4 gxf5 29. Rxc6 bxc6 30. Rc1 1-0

[Event "I Open Basso Veronese"]
[Site "Casaleone ITA"]
[Date "2008.11.22"]
[Round "4"]
[White "De Grandi, Samuele"]
[Black "Turazza, Andrea"]
[Result "0-1"]
[WhiteElo "1440"]
[BlackElo "1659"]
[PlyCount "54"]
[EventDate "2008.11.15"]

1. c4 f5 2. Nc3 Nf6 3. g3 e6 4. e3 d5 5. cxd5 exd5 6. Bg2 c6 7. Nge2 Bd6 8. O-O
O-O 9. d3 Bc7 10. Qc2 Be6 11. Bd2 Nbd7 12. Nd4 Qe7 13. Nxe6 Qxe6 14. Ne2 c5 15.
Nf4 Bxf4 16. exf4 Rac8 17. Rfe1 Qd6 18. a3 b5 19. Rac1 Rfe8 20. Rxe8+ Rxe8 21.
Re1 Rxe1+ 22. Bxe1 c4 23. h3 Qe6 24. Bc3 Ne8 25. Qd2 Nc7 26. Qe1 Qxe1+ 27. Bxe1
Nc5 0-1

[Event "I Open Basso Veronese"]
[Site "Casaleone ITA"]
[Date "2008.11.22"]
[Round "4"]
[White "De Paoli, Emilio"]
[Black "Collato, Luca"]
[Result "1/2-1/2"]
[WhiteElo "1608"]
[BlackElo "1848"]
[PlyCount "62"]
[EventDate "2008.11.15"]

1. e4 d5 2. exd5 Qxd5 3. Nc3 Qa5 4. d4 Nf6 5. Bd3 Nc6 6. Bd2 Nxd4 7. Nb5 Qb6 8.
Be3 c5 9. Nxd4 cxd4 10. Bxd4 Qa5+ 11. Bc3 Qc7 12. Nf3 Bg4 13. O-O Qc6 14. Ne5
Bxd1 15. Nxc6 Bxc2 16. Bb5 a6 17. Nb4+ axb5 18. Nxc2 e6 19. a3 Rc8 20. Nd4 Rc5
21. Rac1 Nd5 22. Bb4 Nxb4 23. axb4 Rd5 24. Rfd1 e5 25. Nf5 Rxd1+ 26. Rxd1 g6
27. Nd6+ Bxd6 28. Rxd6 Ke7 29. Rd5 Rd8 30. Rxe5+ Kf6 31. f4 Rd1+ 1/2-1/2

[Event "I Open Basso Veronese"]
[Site "Casaleone ITA"]
[Date "2008.11.22"]
[Round "4"]
[White "Della Sala, Bruno"]
[Black "Moscato, Riccardo"]
[Result "1-0"]
[WhiteElo "1560"]
[BlackElo "1434"]
[PlyCount "109"]
[EventDate "2008.11.15"]

1. d4 Nf6 2. Nf3 e6 3. c4 b6 4. Nc3 Bb7 5. e3 Be7 6. Bd3 d6 7. e4 c5 8. d5 O-O
9. O-O a6 10. Nd2 Nbd7 11. f4 Ne8 12. f5 Ne5 13. fxe6 fxe6 14. Rxf8+ Bxf8 15.
Nf3 Nxd3 16. Qxd3 exd5 17. exd5 Be7 18. Bf4 Bc8 19. Re1 Ra7 20. Ng5 g6 21. Ne6
Bxe6 22. dxe6 Bg5 23. Bxg5 Qxg5 24. Ne4 Qe5 25. Qc3 Re7 26. Qxe5 dxe5 27. Ng5
h6 28. Nf7 Rxe6 29. Nxh6+ Kg7 30. Ng4 Nd6 31. Rxe5 Rxe5 32. Nxe5 b5 33. Kf2 Kh6
34. Nd7 Nxc4 35. b3 Na3 36. Nxc5 a5 37. Nb7 a4 38. bxa4 bxa4 39. Nc5 Nb5 40.
Nxa4 Kg5 41. Kg3 Kf5 42. h4 Nd4 43. Nc3 g5 44. h5 g4 45. h6 Kg6 46. Kxg4 Kxh6
47. a4 Nc6 48. Kf5 Nd4+ 49. Ke4 Nb3 50. Kd5 Kh5 51. Kc4 Nd2+ 52. Kb5 Nb3 53.
Ne2 Nd2 54. a5 Ne4 55. a6 1-0

[Event "I Open Basso Veronese"]
[Site "Casaleone ITA"]
[Date "2008.11.22"]
[Round "4"]
[White "Di Natale, Gianluca"]
[Black "Del Colle, Raffaele"]
[Result "1/2-1/2"]
[WhiteElo "1368"]
[BlackElo "1617"]
[PlyCount "98"]
[EventDate "2008.11.15"]

1. e4 c5 2. Bc4 e6 3. Nc3 d6 4. d3 Nf6 5. Bg5 Be7 6. a3 Nc6 7. f4 a6 8. Nf3 Qc7
9. O-O O-O 10. Re1 e5 11. f5 b5 12. Ba2 Bb7 13. Bxf6 Bxf6 14. Nd5 Qd8 15. Qd2
Rc8 16. g4 h6 17. Nxf6+ Qxf6 18. g5 hxg5 19. Qxg5 Qxg5+ 20. Nxg5 Nd4 21. Rac1
Rc7 22. c3 Nc6 23. Re2 Rfc8 24. Bd5 Na5 25. Bxb7 Nxb7 26. Rg2 Kf8 27. Kh1 Nd8
28. Nh7+ Kg8 29. Nf6+ Kf8 30. Nh5 f6 31. Rcg1 Rf7 32. Rxg7 Rcc7 33. Rxf7+ Rxf7
34. Rg6 Ke7 35. Kg2 Nc6 36. Kf3 a5 37. Kg4 a4 38. Ng3 b4 39. Ne2 Kf8 40. Kf3
Ne7 41. Rg2 b3 42. c4 Nc6 43. Ke3 Rh7 44. Kd2 Nd4 45. Nxd4 cxd4 46. Ke1 Rh3 47.
Rd2 Ke7 48. Kf1 Kf7 49. Kg2 Re3 1/2-1/2

[Event "I Open Basso Veronese"]
[Site "Casaleone ITA"]
[Date "2008.11.22"]
[Round "4"]
[White "Faccia, Sergio"]
[Black "Jimchi, Abdelaziz"]
[Result "1-0"]
[WhiteElo "2040"]
[BlackElo "1893"]
[PlyCount "49"]
[EventDate "2008.11.15"]

1. e4 d6 2. d4 Nf6 3. Nc3 c6 4. Nf3 Bg4 5. Be2 e6 6. O-O Be7 7. a4 Nbd7 8. a5
a6 9. Be3 O-O 10. Qd2 d5 11. e5 Ne8 12. Rfe1 g6 13. Bh6 Ng7 14. Ng5 Bxe2 15.
Nxe2 Re8 16. Ng3 c5 17. c3 cxd4 18. cxd4 Rc8 19. h4 Rc4 20. Qf4 Nf5 21. Nxf5
exf5 22. Nxf7 Kxf7 23. e6+ Kg8 24. exd7 Qxd7 25. Qe5 1-0

[Event "I Open Basso Veronese"]
[Site "Casaleone ITA"]
[Date "2008.11.22"]
[Round "4"]
[White "Guerra, Alessandro"]
[Black "Lazic, Miroljub"]
[Result "0-1"]
[WhiteElo "2195"]
[BlackElo "2472"]
[PlyCount "176"]
[EventDate "2008.11.15"]

1. e4 e5 2. Bc4 Nf6 3. Qe2 Nc6 4. c3 Be7 5. Nf3 d6 6. O-O O-O 7. d3 Na5 8. Bb5
a6 9. Ba4 b5 10. Bc2 c5 11. Bg5 Be6 12. Nbd2 h6 13. Be3 Qc7 14. Rfc1 Ng4 15. d4
Nxe3 16. fxe3 cxd4 17. exd4 Qb6 18. Kh1 Bf6 19. d5 Bd7 20. Rg1 b4 21. c4 h5 22.
h3 g6 23. Raf1 Bd8 24. g4 hxg4 25. Nh2 Kg7 26. Nxg4 Bxg4 27. Qxg4 Qe3 28. Rg2
Ra7 29. Ba4 Qh6 30. b3 Rc7 31. Rf3 Qh4 32. Qf5 Be7 33. Rfg3 Kh8 34. Qf3 Nb7 35.
Rg4 Qh7 36. Kh2 Nc5 37. Bc6 Rcc8 38. Qe3 Rg8 39. Nf3 f5 40. exf5 gxf5 41. Rxg8+
Rxg8 42. Rxg8+ Kxg8 43. Nxe5 dxe5 44. Qxe5 Ne4 45. Qe6+ Qf7 46. Bd7 Kg7 47.
Qxf5 Qxf5 48. Bxf5 Nc3 49. Kg3 Nxa2 50. Kf4 Kf6 51. Bc2 Nc3 52. h4 Bf8 53. Ke3
Ke5 54. Bg6 a5 55. Kd3 a4 56. bxa4 Nxa4 57. h5 Nb2+ 58. Kc2 Nxc4 59. Kb3 Nd2+
60. Kc2 Bh6 61. d6 Kxd6 62. Bf7 Nf3 63. Bg8 Ne5 64. Kb3 Kc5 65. Be6 Nc6 66. Bg8
Nd4+ 67. Ka2 Kd6 68. Kb2 Ke5 69. Ka2 Kf4 70. Kb2 Kg5 71. Bf7 Bf8 72. Ka2 Nf5
73. Be6 Ng7 74. Bg8 Kxh5 75. Bf7+ Kg5 76. Bg8 Nf5 77. Be6 Kf4 78. Bg8 Ke3 79.
Bh7 Nd4 80. Kb2 Kd2 81. Bg6 Bh6 82. Bf7 Kd3 83. Bd5 Bd2 84. Bg8 Bc3+ 85. Ka2
Nf3 86. Bf7 Nd2 87. Be6 Be5 88. Bg8 Kc3 0-1

[Event "I Open Basso Veronese"]
[Site "Casaleone ITA"]
[Date "2008.11.22"]
[Round "4"]
[White "Marcori, Mirko"]
[Black "Zonta, Riccardo"]
[Result "1-0"]
[WhiteElo "1911"]
[BlackElo "1527"]
[PlyCount "107"]
[EventDate "2008.11.15"]

1. e4 d6 2. d4 Nf6 3. Nd2 e5 4. c3 Be7 5. Ngf3 Nbd7 6. Bd3 O-O 7. O-O b6 8. b3
a5 9. d5 Nc5 10. Bc2 Ne8 11. c4 f5 12. Qe2 f4 13. Re1 Bg4 14. h3 Bh5 15. g4 Bg6
16. Kg2 h5 17. Nh2 Nf6 18. f3 Nh7 19. Rh1 Nd7 20. Bb2 Ndf6 21. Rag1 Qd7 22. a4
Kf7 23. Kf1 Ng5 24. Qg2 Rh8 25. gxh5 Nxh5 26. Qg4 Qxg4 27. Nxg4 Ng3+ 28. Rxg3
fxg3 29. Kg2 Rh4 30. Kxg3 Rah8 31. Nf2 Rf4 32. Ng4 Bf6 33. Bc1 Bh5 34. Bd1 Bxg4
35. fxg4 Nxe4+ 36. Nxe4 Rxe4 37. Rf1 Ke7 38. g5 Rhh4 39. gxf6+ gxf6 40. Bg4 Rh7
41. Bf5 Rg7+ 42. Kf3 Rd4 43. Be4 Rxe4 44. Kxe4 Rg3 45. Rf3 f5+ 46. Rxf5 Rxh3
47. Bg5+ Ke8 48. Be3 Rh1 49. Rf3 Rh4+ 50. Kf5 Rh8 51. Ke6 Rh7 52. Bg5 Rh5 53.
Rg3 e4 54. Bf6 1-0

[Event "I Open Basso Veronese"]
[Site "Casaleone ITA"]
[Date "2008.11.22"]
[Round "4"]
[White "Marino, Francesco V."]
[Black "Leone, Cataldo"]
[Result "1-0"]
[WhiteElo "1686"]
[BlackElo "1540"]
[PlyCount "61"]
[EventDate "2008.11.15"]

1. c4 e5 2. Nc3 Nf6 3. g3 c5 4. Bg2 Nc6 5. Nf3 d5 6. cxd5 Nxd5 7. Nxe5 Nxc3 8.
Nxc6 Qf6 9. bxc3 bxc6 10. Rb1 Be7 11. Qa4 Bd7 12. Rb7 O-O 13. Rxd7 Rfb8 14.
Bxc6 Rb1 15. O-O Rc8 16. Bg2 h5 17. Qxa7 Bf8 18. a4 Re8 19. e3 g5 20. a5 h4 21.
a6 Ra1 22. Bd5 Be7 23. c4 Rxa6 24. Qc7 h3 25. d4 Kf8 26. dxc5 Ra2 27. c6 Rc2
28. Qb7 Qa1 29. Bd2 Qf6 30. Bb4 Rxf2 31. Rxf2 1-0

[Event "I Open Basso Veronese"]
[Site "Casaleone ITA"]
[Date "2008.11.22"]
[Round "4"]
[White "Rondelli, Roberto"]
[Black "Tegani, Andrea"]
[Result "1-0"]
[WhiteElo "1488"]
[BlackElo "1398"]
[PlyCount "61"]
[EventDate "2008.11.15"]

1. Nf3 d5 2. c4 c6 3. d4 Nf6 4. Nc3 e6 5. Bf4 Nbd7 6. cxd5 Nxd5 7. Nxd5 exd5 8.
a3 Be7 9. e3 O-O 10. Bd3 c5 11. dxc5 Nxc5 12. b4 Nxd3+ 13. Qxd3 Be6 14. O-O Rc8
15. Rac1 Bf6 16. Be5 Bxe5 17. Nxe5 Qg5 18. Nf3 Qf5 19. Qd4 b6 20. Ne5 Qe4 21.
Qxe4 dxe4 22. Nc6 Rc7 23. Rfd1 f5 24. f4 exf3 25. gxf3 Rf6 26. Ne5 Rxc1 27.
Rxc1 Rf8 28. Kf2 Re8 29. Rc7 Bb3 30. Nc6 Re6 31. Nd4 1-0

[Event "I Open Basso Veronese"]
[Site "Casaleone ITA"]
[Date "2008.11.22"]
[Round "4"]
[White "Temporin, Alberto"]
[Black "Ricci, Alfredo"]
[Result "1-0"]
[WhiteElo "1892"]
[BlackElo "2020"]
[PlyCount "59"]
[EventDate "2008.11.15"]

1. e4 c5 2. Nf3 Nc6 3. Bc4 e6 4. Nc3 d6 5. d4 cxd4 6. Nxd4 Nf6 7. Bg5 Be7 8.
O-O a6 9. a4 O-O 10. Bb3 Bd7 11. Nde2 Rc8 12. Bxf6 gxf6 13. Ng3 Kh8 14. Qh5 Na5
15. Rad1 Qb6 16. e5 Rc5 17. Qh6 Rg8 18. Rxd6 Bxd6 19. Qxf6+ Rg7 20. exd6 Nxb3
21. cxb3 Rcg5 22. Qe7 f5 23. Qf8+ Rg8 24. Qf6+ R5g7 25. Nh5 Qxd6 26. Nxg7 Rxg7
27. g3 Qe7 28. Qe5 Bc6 29. Re1 Qh4 30. Qb8+ 1-0

[Event "I Open Basso Veronese"]
[Site "Casaleone ITA"]
[Date "2008.11.22"]
[Round "4"]
[White "Vicentini, Giovanni"]
[Black "Bellini, Luca"]
[Result "1/2-1/2"]
[WhiteElo "1533"]
[BlackElo "1599"]
[PlyCount "41"]
[EventDate "2008.11.15"]

1. d4 e6 2. c4 c5 3. dxc5 Qa5+ 4. Nc3 Qxc5 5. e3 Nf6 6. Nf3 Nc6 7. a3 Ne5 8. b4
Nxf3+ 9. Qxf3 Qc6 10. Qxc6 bxc6 11. c5 a5 12. Bb2 axb4 13. axb4 Rxa1+ 14. Bxa1
d6 15. cxd6 Bxd6 16. b5 Bb4 17. Kd1 Ke7 18. f3 Bb7 19. bxc6 Bxc6 20. Bd3 Rd8
21. Ke2 1/2-1/2

[Event "I Open Basso Veronese"]
[Site "Casaleone ITA"]
[Date "2008.11.22"]
[Round "4"]
[White "Zanchetta, Nicola"]
[Black "Valentini, Luca"]
[Result "0-1"]
[WhiteElo "1752"]
[BlackElo "1918"]
[PlyCount "62"]
[EventDate "2008.11.15"]

1. e4 d6 2. d4 Nf6 3. Nc3 c6 4. Be2 a6 5. Nf3 Bg4 6. O-O e6 7. e5 Bxf3 8. exf6
Bxe2 9. fxg7 Bxg7 10. Nxe2 Nd7 11. Bf4 Qe7 12. Ng3 Nf6 13. Re1 Nd5 14. Nf5 Qf6
15. Nxd6+ Kf8 16. Be5 Qg6 17. Qf3 b5 18. Re4 Bxe5 19. dxe5 Ke7 20. c4 bxc4 21.
Rxc4 Rab8 22. Qa3 Kd7 23. Qxa6 Rxb2 24. Qxc6+ Ke7 25. Qc5 Rhb8 26. Nb7+ Ke8 27.
Qc6+ Kf8 28. Qd6+ Kg7 29. Qxb8 Ne3 30. g3 Qb1+ 31. Rc1 Qe4 0-1

[Event "I Open Basso Veronese"]
[Site "Casaleone ITA"]
[Date "2008.11.23"]
[Round "5"]
[White "Andreeva, Arina"]
[Black "Coratella, Giuseppe"]
[Result "1/2-1/2"]
[WhiteElo "2001"]
[BlackElo "2258"]
[PlyCount "107"]
[EventDate "2008.11.15"]

1. d4 g6 2. c4 Bg7 3. Nc3 d6 4. e4 Nc6 5. Be3 e5 6. dxe5 dxe5 7. Qxd8+ Nxd8 8.
Nf3 Ne6 9. O-O-O Ne7 10. Ng5 Nxg5 11. Bxg5 c6 12. Be2 Be6 13. Na4 b6 14. Rd6 h6
15. Be3 Nc8 16. Rd2 Bf6 17. Nc3 Bg5 18. Nd1 Ke7 19. h4 Bxe3 20. Nxe3 Nd6 21. f3
f5 22. exf5 gxf5 23. b3 Rhg8 24. g4 fxg4 25. fxg4 Raf8 26. Rg1 Ne4 27. Rc2 Rf4
28. Bd1 Nf2 29. g5 Nh3 30. Rg3 Rxh4 31. g6 Nf4 32. Ng2 Rh3 33. Rxh3 Nxh3 34.
Nh4 Nf4 35. Bf3 Nxg6 36. Nxg6+ Rxg6 37. Bxc6 Kd6 38. Be4 Rg4 39. Rd2+ Kc5 40.
Bd5 Bf5 41. a3 a5 42. Rh2 Rg6 43. Rh5 Rf6 44. Kd2 Kd4 45. Rh4+ e4 46. Rf4 h5
47. Bxe4 Ke5 48. Ke3 Be6 49. Rxf6 Kxf6 50. Kd4 h4 51. b4 axb4 52. axb4 h3 53.
c5 bxc5+ 54. bxc5 1/2-1/2

[Event "I Open Basso Veronese"]
[Site "Casaleone ITA"]
[Date "2008.11.23"]
[Round "5"]
[White "Bellini, Luca"]
[Black "Zanchetta, Nicola"]
[Result "0-1"]
[WhiteElo "1599"]
[BlackElo "1752"]
[PlyCount "148"]
[EventDate "2008.11.15"]

1. e4 e6 2. d4 d5 3. Nd2 b6 4. c3 Ne7 5. Bd3 Qd7 6. Ngf3 Ng6 7. exd5 exd5 8.
O-O Be7 9. Re1 O-O 10. Nf1 Ba6 11. Ng3 Bd6 12. Nh5 Bxd3 13. Qxd3 Qg4 14. Ng3 c6
15. h3 Qc8 16. Nf5 Qc7 17. Nxd6 Qxd6 18. Qf5 Nd7 19. h4 Ne7 20. Qg5 Rfe8 21.
Bf4 Qf6 22. Qg4 Nf8 23. Bg5 Qf5 24. Qg3 f6 25. Bf4 Neg6 26. Bd6 Re6 27. Rxe6
Nxe6 28. Re1 Re8 29. Kh2 Kf7 30. Qh3 Qxh3+ 31. Kxh3 Nef4+ 32. Kg3 Nd3 33. Rxe8
Kxe8 34. h5 Ne7 35. Ba3 g6 36. hxg6 hxg6 37. Nh4 g5 38. Nf3 Kf7 39. Nd2 Nf5+
40. Kf3 Kg6 41. g3 Ne1+ 42. Ke2 Nc2 43. Bf8 g4 44. Nf1 Kf7 45. Kd2 Ncxd4 46.
cxd4 Kxf8 47. Kd3 Kf7 48. Nh2 Nh6 49. Ke3 f5 50. Kf4 Kf6 51. f3 c5 52. dxc5
bxc5 53. fxg4 Nxg4 54. Nf3 d4 55. b4 Ne3 56. Nd2 cxb4 57. Kf3 Ke5 58. Ke2 Kd5
59. Kd3 a5 60. Nb3 Nc4 61. Nxd4 Ne5+ 62. Ke3 a4 63. Nc2 b3 64. axb3 axb3 65.
Na3 Nc4+ 66. Nxc4 Kxc4 67. Kd2 Kd4 68. Kc1 Ke3 69. Kb2 Kf3 70. Kxb3 Kxg3 71.
Kc3 f4 72. Kd2 Kg2 73. Ke2 f3+ 74. Ke1 f2+ 0-1

[Event "I Open Basso Veronese"]
[Site "Casaleone ITA"]
[Date "2008.11.23"]
[Round "5"]
[White "Bertani, Gianfranco"]
[Black "Faccia, Sergio"]
[Result "0-1"]
[WhiteElo "2106"]
[BlackElo "2040"]
[PlyCount "42"]
[EventDate "2008.11.15"]

1. Nf3 Nf6 2. d4 g6 3. h3 Bg7 4. Bg5 O-O 5. Nbd2 d5 6. e3 c5 7. c3 cxd4 8. cxd4
Nc6 9. a3 Qb6 10. b4 a6 11. Qb3 e5 12. Nxe5 Nxd4 13. Qc3 Nc6 14. Nxc6 Ne4 15.
Ne7+ Kh8 16. Nxc8 Raxc8 17. Qb3 Bxa1 18. Nxe4 dxe4 19. Be2 Rc1+ 20. Kd2 Rxh1
21. Be7 Qc7 0-1

[Event "I Open Basso Veronese"]
[Site "Casaleone ITA"]
[Date "2008.11.23"]
[Round "5"]
[White "Cavalleri, Giuseppe"]
[Black "Della Sala, Bruno"]
[Result "1-0"]
[WhiteElo "1676"]
[BlackElo "1560"]
[PlyCount "133"]
[EventDate "2008.11.15"]

1. g3 e6 2. Bg2 d5 3. e4 c5 4. d3 Nc6 5. c3 Nf6 6. Nd2 Ne5 7. Qe2 dxe4 8. dxe4
Nfg4 9. Nh3 Nd3+ 10. Kf1 e5 11. f3 Nf6 12. Nf2 Nxf2 13. Qxf2 Be7 14. Nc4 Nd7
15. Ne3 b6 16. Bd2 O-O 17. Rd1 Qc7 18. Nd5 Qd6 19. h4 Nf6 20. c4 Ba6 21. Qe2
Rad8 22. Kf2 Nxd5 23. exd5 Rfe8 24. b3 Qg6 25. Bc3 Bd6 26. h5 Qf6 27. Qe4 Bc8
28. Bh3 h6 29. Bxc8 Rxc8 30. Rdg1 a5 31. Bd2 a4 32. g4 Be7 33. g5 hxg5 34. Bxg5
Qd6 35. Qh4 axb3 36. Bxe7 Qxe7 37. Qg4 Qf6 38. h6 g6 39. axb3 e4 40. h7+ Kh8
41. Kg3 Qe5+ 42. Qf4 Qxf4+ 43. Kxf4 exf3 44. Kxf3 Ra8 45. Kf4 Ra3 46. Rg3 Re2
47. Rd3 Ra8 48. Kg5 Kg7 49. h8=Q+ Rxh8 50. Rxh8 Kxh8 51. d6 Re8 52. d7 Rd8 53.
Kf6 Kg8 54. Ke7 Rxd7+ 55. Kxd7 Kg7 56. Kc6 f5 57. Kxb6 g5 58. Kxc5 Kf6 59. b4
f4 60. b5 g4 61. b6 f3 62. b7 f2 63. Rd8 g3 64. b8=Q g2 65. Qf4+ Ke7 66. Qf8+
Ke6 67. Qxf2 1-0

[Event "I Open Basso Veronese"]
[Site "Casaleone ITA"]
[Date "2008.11.23"]
[Round "5"]
[White "Collato, Luca"]
[Black "Vicentini, Giovanni"]
[Result "1/2-1/2"]
[WhiteElo "1848"]
[BlackElo "1533"]
[PlyCount "59"]
[EventDate "2008.11.15"]

1. e4 e6 2. d3 d5 3. Nd2 Nd7 4. g3 Bc5 5. c3 c6 6. Bg2 dxe4 7. Nxe4 Ngf6 8. d4
Be7 9. Bf4 Nxe4 10. Bxe4 Bg5 11. Nf3 Bxf4 12. gxf4 Nf6 13. Qe2 Qe7 14. Ne5 Nd5
15. c4 Nxf4 16. Qf3 Ng6 17. Bxc6+ Kf8 18. Nxg6+ hxg6 19. Be4 Kg8 20. O-O-O Qc7
21. b3 Rb8 22. Qg3 Qxg3 23. hxg3 b5 24. Bc6 Rxh1 25. Rxh1 bxc4 26. bxc4 Rb4 27.
d5 Rxc4+ 28. Kb2 exd5 29. Bxd5 Rd4 30. Rc1 1/2-1/2

[Event "I Open Basso Veronese"]
[Site "Casaleone ITA"]
[Date "2008.11.23"]
[Round "5"]
[White "Gioga, Michele"]
[Black "Pomante, Sergio"]
[Result "0-1"]
[WhiteElo "1392"]
[BlackElo "1490"]
[PlyCount "76"]
[EventDate "2008.11.15"]

1. d4 Nf6 2. c4 g6 3. Nc3 Bg7 4. e4 d6 5. Be2 O-O 6. f3 c5 7. d5 e6 8. Be3 exd5
9. cxd5 a6 10. a4 Nbd7 11. g4 h6 12. Qd2 g5 13. h4 Nh7 14. hxg5 Nxg5 15. Rh5 f6
16. f4 Nf7 17. Nh3 Nb6 18. a5 Nd7 19. g5 Re8 20. gxh6 Bxh6 21. f5 Bxe3 22. Qxe3
Kf8 23. Qg3 Ke7 24. Rh7 Rg8 25. Qh2 Nde5 26. Nf4 Bd7 27. Ne6 Qb8 28. Rxf7+ Nxf7
29. Qf2 b6 30. O-O-O bxa5 31. Rh1 Qb4 32. Rh7 Rh8 33. Qh4 Rab8 34. Rxf7+ Kxf7
35. Bh5+ Ke7 36. Nd1 Qc4+ 37. Nc3 Qf1+ 38. Kc2 Qg2+ 0-1

[Event "I Open Basso Veronese"]
[Site "Casaleone ITA"]
[Date "2008.11.23"]
[Round "5"]
[White "Jimchi, Abdelaziz"]
[Black "Caldonazzo, Matteo"]
[Result "0-1"]
[WhiteElo "1893"]
[BlackElo "1782"]
[PlyCount "52"]
[EventDate "2008.11.15"]

1. d4 f5 2. g3 Nf6 3. Bg2 g6 4. Bg5 Bg7 5. Nf3 O-O 6. Nbd2 d6 7. c3 Qe8 8. O-O
e5 9. dxe5 dxe5 10. Bxf6 Bxf6 11. e4 Nc6 12. Qe2 f4 13. b4 g5 14. gxf4 exf4 15.
b5 Ne5 16. Nxe5 Bxe5 17. f3 Kh8 18. Rac1 Be6 19. a4 Qh5 20. c4 g4 21. fxg4
Qxh2+ 22. Kxh2 f3+ 23. Kh1 fxe2 24. Rxf8+ Rxf8 25. Nf3 Bg3 26. Ne1 Rf1+ 0-1

[Event "I Open Basso Veronese"]
[Site "Casaleone ITA"]
[Date "2008.11.23"]
[Round "5"]
[White "Lazic, Miroljub"]
[Black "Temporin, Alberto"]
[Result "1-0"]
[WhiteElo "2472"]
[BlackElo "1892"]
[PlyCount "57"]
[EventDate "2008.11.15"]

1. Nf3 Nf6 2. g3 b6 3. Bg2 Bb7 4. O-O g6 5. d4 d5 6. c4 e6 7. Nc3 Bg7 8. cxd5
exd5 9. Bf4 a6 10. Qa4+ Nbd7 11. Ne5 b5 12. Qb3 c6 13. e4 Nxe5 14. Bxe5 O-O 15.
exd5 Nxd5 16. Ne4 Bc8 17. Rac1 Qb6 18. Nc3 Nxc3 19. Qxc3 Bxe5 20. dxe5 Bd7 21.
Rfd1 Rfd8 22. Rd6 Rac8 23. b4 Be8 24. Bh3 Rxd6 25. exd6 Rd8 26. Qf6 Bd7 27.
Bxd7 Rxd7 28. Re1 Rd8 29. d7 1-0

[Event "I Open Basso Veronese"]
[Site "Casaleone ITA"]
[Date "2008.11.23"]
[Round "5"]
[White "Negro, Raffaele"]
[Black "Capata, Ion"]
[Result "0-1"]
[WhiteElo "1824"]
[BlackElo "2136"]
[PlyCount "60"]
[EventDate "2008.11.15"]

1. d4 d5 2. c4 e6 3. Nc3 Nf6 4. cxd5 exd5 5. Bg5 Be7 6. Qc2 O-O 7. e3 Nc6 8. a3
Re8 9. Bd3 h6 10. Bh4 Ng4 11. Bxe7 Rxe7 12. O-O-O a6 13. Nf3 Nf6 14. h3 Qd6 15.
g4 b5 16. g5 hxg5 17. Nxg5 b4 18. Nb1 bxa3 19. Nxa3 Rb8 20. Qc5 Qxc5+ 21. dxc5
Na5 22. Bc2 c6 23. Ba4 Reb7 24. Rd2 Nd7 25. e4 Nxc5 26. Kd1 Nxa4 27. exd5 Rxb2
28. Re1 Bf5 29. Re7 Nc3+ 30. Ke1 Rb1+ 0-1

[Event "I Open Basso Veronese"]
[Site "Casaleone ITA"]
[Date "2008.11.23"]
[Round "5"]
[White "Ricci, Alfredo"]
[Black "Marino, Francesco V."]
[Result "1-0"]
[WhiteElo "2020"]
[BlackElo "1686"]
[PlyCount "111"]
[EventDate "2008.11.15"]

1. e4 c5 2. Nf3 Nc6 3. d4 cxd4 4. Nxd4 Nf6 5. Nc3 e5 6. Ndb5 d6 7. Bg5 a6 8.
Bxf6 gxf6 9. Na3 f5 10. Bd3 b5 11. Nd5 Be6 12. c3 Bg7 13. Qh5 f4 14. Nc2 Bxd5
15. exd5 Ne7 16. O-O Rb8 17. Be4 Qc8 18. Qg5 Kf8 19. Qh5 f5 20. Bf3 e4 21. Be2
a5 22. Nd4 Bxd4 23. cxd4 Nxd5 24. a4 bxa4 25. Qh6+ Ke7 26. Qg5+ Kf8 27. Rfc1
Qd7 28. Bc4 Ne7 29. Qh6+ Ke8 30. Be6 Qb7 31. Qxf4 Rd8 32. Rxa4 Qb5 33. Rac4
Qxb2 34. Qh6 d5 35. Qg7 Rf8 36. Rc7 Qa3 37. Qxh7 Rf6 38. Qh8+ Ng8 39. Qxg8+ Qf8
40. Ra7 f4 41. Rcc7 Qxg8 42. Bxg8 e3 43. Bf7+ Kf8 44. Bh5 Rb8 45. h3 Rb1+ 46.
Kh2 Kg8 47. fxe3 fxe3 48. Rxa5 Re1 49. Rxd5 e2 50. Re5 Rh1+ 51. Kxh1 Rf1+ 52.
Kh2 e1=Q 53. Re8+ Qxe8 54. Bxe8 Rd1 55. d5 Kf8 56. Bf7 1-0

[Event "I Open Basso Veronese"]
[Site "Casaleone ITA"]
[Date "2008.11.23"]
[Round "5"]
[White "Turazza, Andrea"]
[Black "Bonini, Roberto"]
[Result "0-1"]
[WhiteElo "1659"]
[BlackElo "1843"]
[PlyCount "116"]
[EventDate "2008.11.15"]

1. Nf3 d5 2. b3 Nf6 3. Bb2 Bf5 4. e3 h6 5. d4 e6 6. a3 Nbd7 7. Be2 Be7 8. Ne5
O-O 9. Nd2 c5 10. O-O cxd4 11. exd4 Rc8 12. Bd3 Bxd3 13. Nxd3 Qc7 14. Rc1 Bd6
15. h3 Qb8 16. Re1 Rfe8 17. Ne5 Rc7 18. Ndf3 Ne4 19. Nxd7 Rxd7 20. Ne5 Rc7 21.
Qg4 Qd8 22. f4 f5 23. Qh5 Qe7 24. Kh2 Rec8 25. Re2 Bxa3 26. c4 Bd6 27. c5 Bxe5
28. fxe5 Qg5 29. Qf3 b6 30. b4 h5 31. Ra1 h4 32. Bc1 Qg3+ 33. Kg1 g5 34. Be3
Qxf3 35. gxf3 Ng3 36. Rea2 f4 37. Bf2 bxc5 38. bxc5 Ra8 39. Ra6 Kf7 40. Rb1 Nf5
41. c6 Ne7 42. Rb7 Rac8 43. Raxa7 Rxb7 44. cxb7 Rb8 45. Kf1 Nc6 46. Ra6 Nd8 47.
Rd6 Ke7 48. Rb6 Rxb7 49. Rxb7+ Nxb7 50. Be1 Kd7 51. Ke2 Kc6 52. Bb4 Kd7 53. Bf8
Nd8 54. Kd3 Kc6 55. Be7 Nf7 56. Kc3 Kd7 57. Bc5 Nh6 58. Kb4 g4 0-1